| 000 | 00600nam a2200229 a 4500 | ||
|---|---|---|---|
| 001 | nice12345678 | ||
| 003 | IN_TiNIC | ||
| 005 | 20260116014024.0 | ||
| 008 | 100108s2004 lona grp 000 0 eng | ||
| 020 |
_a041532596X _c350 |
||
| 082 | 0 | 0 |
_a294.3 _bMOR |
| 100 | _aMoran, Peter | ||
| 245 |
_aBuddhism Obserced _b Travelers Exiles and Tibetan Dharma in Kithmandu |
||
| 260 |
_aLondon _bRoutledge Chapman Hall _c2004 |
||
| 300 | _a224p | ||
| 500 | _aincludes index and biblioraphy | ||
| 650 | _aBuddhism | ||
| 700 | 1 | _aMoran, Peter | |
| 902 | _bSRS | ||
| 942 | _cBK | ||
| 999 |
_c13541 _d13541 |
||